| 000 | 00828cam a22002653a 4500 | ||
|---|---|---|---|
| 001 | 14153 | ||
| 003 | PGUSA | ||
| 005 | 20140828083313.0 | ||
| 008 | 041126s2004||||xxu|||||s|||||000 1 eng d | ||
| 040 |
_aPGUSA _beng |
||
| 042 | _adc | ||
| 050 | 4 | _aPS | |
| 100 | 1 |
_aMitchell, S. Weir _q(Silas Weir), _d1829-1914 |
|
| 245 | 1 | 0 |
_aWestways : _bA Village Chronicle _h[electronic resource] / _cS. Weir Mitchell |
| 260 |
_bProject Gutenberg, _c2004 |
||
| 506 | _aPublic domain in the USA. | ||
| 516 | _aElectronic text | ||
| 653 | _aVillages -- Fiction | ||
| 653 | _aPennsylvania -- History -- 19th century -- Fiction | ||
| 653 | _aLove stories | ||
| 653 | _aUnited States -- History -- Civil War, 1861-1865 -- Fiction | ||
| 830 | 0 |
_aProject Gutenberg _v14153 |
|
| 856 | 4 | 0 | _uhttp://www.gutenberg.org/ebooks/14153 |
| 942 | _cEB | ||
| 999 |
_c243408 _d243408 |
||